00670cam a22002051i 4500001001300000003000400013005001700017008004100034010001700075035002000092040001800112042001200130050001800142100001800160245009200178260009400270300003500364610004800399999001700447sa 66005185 DLC20260227112248.0881202s1965 ii 000 0 eng  asa 66005185  a(OCoLC)18828653 aDLCcViUdDLC apremarc00aLB3498.H5bM31 aMarwah, S. M.10aFirst report of Banaras Hindu University Campus health /cby S. M. Marwah [and others]. aVaranasi :bDept. of Social and Preventive Medicine, College of Medical Sciences,c[1965] a122 p. :bill., port ;c25 cm.20aBanaras Hindu UniversityxSanitary affairs. c69846d69846